KOHA-Header-6

Object Oriented Programming in Pascal a Graphical Approach (Record no. 6465)

000 -LEADER
fixed length control field 00304nam a2200109Ia 4500
100 ## - MAIN ENTRY--AUTHOR NAME
Personal name Conner, Niguidula
245 #0 - TITLE STATEMENT
Title Object Oriented Programming in Pascal a Graphical Approach
260 ## - PUBLICATION, DISTRIBUTION, ETC. (IMPRINT)
Place of publication New York
Name of publisher Addison-Wesley
Year of publication 1995
300 ## - PHYSICAL DESCRIPTION
Number of Pages 616
942 ## - ADDED ENTRY ELEMENTS (KOHA)
Koha item type Books
Holdings
Withdrawn status Lost status Collection code Permanent Location Current Location Shelving location Date acquired Full call number Accession Number Koha item type
    Computer Science MAJU MAJU   2019-09-07 004.3 89 Computer Science

Powered by Koha